ՀՀ Գիտությունների ազգային ակադեմիայի հիմնարար գիտական գրադարան  =   Fundamental Scientific Library of NAS RA

Верди : (Record no. 163018)

MARC details
000 -LEADER
fixed length control field 01215nam a2200265 u 4500
001 - CONTROL NUMBER
control field 000442934
003 - CONTROL NUMBER IDENTIFIER
control field AM-YeHGA
005 - DATE AND TIME OF LATEST TRANSACTION
control field 20250617133244.0
008 - FIXED-LENGTH DATA ELEMENTS--GENERAL INFORMATION
fixed length control field 050603s1984 ||||||||||||||||||||rus|d
040 ## - CATALOGING SOURCE
Original cataloging agency AM-YeHGA
041 1# - LANGUAGE CODE
Language code of text/sound track or separate title rus
Language code of original ita
090 ## - LOCALLY ASSIGNED LC-TYPE CALL NUMBER (OCLC); LOCAL CALL NUMBER (RLIN)
-- 164433
100 1# - MAIN ENTRY--PERSONAL NAME
Personal name Тароцци, Джузеппе
245 10 - TITLE STATEMENT
Title Верди :
Remainder of title [Жизнь и творчество] : Сокращенный перевод с итальянского /
Statement of responsibility, etc. Д. Тароцци; Перев. И. Константиновой.
260 ## - PUBLICATION, DISTRIBUTION, ETC.
Place of publication, distribution, etc. Москва :
Name of publisher, distributor, etc. Молодая гвардия,
Date of publication, distribution, etc. 1984.
300 ## - PHYSICAL DESCRIPTION
Extent 352 стр. :
Other physical details 25 л. илл. ;
Dimensions 21 см.
440 #0 - SERIES STATEMENT/ADDED ENTRY--TITLE
Title Жизнь замечательных людей
Volume/sequential designation Вып. 8(648)
504 ## - BIBLIOGRAPHY, ETC. NOTE
Bibliography, etc. note Сочинения Д. Верди, стр. 349
504 ## - BIBLIOGRAPHY, ETC. NOTE
Bibliography, etc. note Библиография, стр. 350-351
534 ## - ORIGINAL VERSION NOTE
Introductory phrase Оригинал
Main entry of original Verdi
Title statement of original Guiseppe Tarozzi
Publication, distribution, etc. of original (Milano, 1978-1980)
600 14 - SUBJECT ADDED ENTRY--PERSONAL NAME
Personal name Верди, Джузеппе Фортунино Франческо
Dates associated with a name 1813-1901
650 14 - SUBJECT ADDED ENTRY--TOPICAL TERM
Topical term or geographic name entry element Музыкальная культура
Geographic subdivision Италия
653 0# - INDEX TERM--UNCONTROLLED
Uncontrolled term Итальянская музыка - 19 в.
700 1# - ADDED ENTRY--PERSONAL NAME
Personal name Константинова, Ирина
Relator term перев.
Relationship trl
Holdings
Withdrawn status Lost status Damaged status Not for loan Collection Home library Current library Date acquired Total checkouts Full call number Barcode Date last seen Price effective from Koha item type Public note
        General Fundamental Scientific Library Fundamental Scientific Library 28/12/2016   PII/521223 FL0195386 28/12/2016 28/12/2016 Գրքեր / Books 30 Days Loan


ՀՀ ԳԱԱ հիմնարար գիտական գրադարան
ՀՀ,Երևան 0019
Մարշալ Բաղրամյան 24/6
հեռախոս:(374-10) 52-47-50
Հետադարձ կապ

All site content, except where otherwise noted, is licensed under a
Creative Commons License